Winning Strategies (Record no. 331014)

MARC details
000 -LEADER
fixed length control field 00502nam a2200169Ia 4500
008 - FIXED-LENGTH DATA ELEMENTS--GENERAL INFORMATION
fixed length control field 230718s9999 xx 000 0 und d
020 ## - INTERNATIONAL STANDARD BOOK NUMBER
International Standard Book Number 9788126524594
041 ## - LANGUAGE CODE
Language code of text/sound track or separate title eng
082 ## - DEWEY DECIMAL CLASSIFICATION NUMBER
Classification number 347.09
Item number DUT
100 ## - MAIN ENTRY--PERSONAL NAME
Personal name Dutta A.
9 (RLIN) 193652
245 ## - TITLE STATEMENT
Title Winning Strategies
Remainder of title Secrets To Clinching Multimillion-Dollar Deals
260 ## - PUBLICATION, DISTRIBUTION, ETC. (IMPRINT)
Date of publication, distribution, etc. 2010
Name of publisher, distributor, etc. Wiley India/Times Group Books
300 ## - PHYSICAL DESCRIPTION
Extent 225
365 ## - TRADE PRICE
Currency code Rs.
Price amount 225.00
700 ## - ADDED ENTRY--PERSONAL NAME
Personal name Dutta A.
9 (RLIN) 193652
906 ## - LOCAL DATA ELEMENT F, LDF (RLIN)
d O:0293319-Jul-2012B:37107-Jun-2012
c GENRL
b 56.25
Holdings
Withdrawn status Lost status Damaged status Not for loan Home library Current library Date acquired Vendor Budget Code Cost, normal purchase price Bill number Total Checkouts Full call number Barcode Date last seen Discount Cost, replacement price Bill Date Koha item type Original Barcode
        Cummins College of Engineering for Women Pune Cummins College of Engineering for Women Pune 19/07/2012 Technical Book Services GENRL 168.75 371   347.09 CCEP-BK-42221 18/07/2023 56.25 225.00 07/06/2012 Books 042221